| 000 -LEADER |
| fixed length control field |
00399cam a22001337a 4500 |
| 008 - FIXED-LENGTH DATA ELEMENTS--GENERAL INFORMATION |
| fixed length control field |
180718b1895 xxu||||| |||| 00| 0 eng d |
| 082 ## - DEWEY DECIMAL CLASSIFICATION NUMBER |
| Classification number |
A99 H279/L444 |
| 100 ## - MAIN ENTRY--PERSONAL NAME |
| Personal name |
Lawson, Charles |
| 245 ## - TITLE STATEMENT |
| Title |
The private life of Warren Hastings |
| Statement of responsibility, etc. |
by Charles Lawson |
| 260 ## - PUBLICATION, DISTRIBUTION, ETC. |
| Place of publication, distribution, etc. |
London |
| Name of publisher, distributor, etc. |
Swan Sonneschein |
| Date of publication, distribution, etc. |
1895 |
| 300 ## - PHYSICAL DESCRIPTION |
| Extent |
254p. |
| 650 ## - SUBJECT ADDED ENTRY--TOPICAL TERM |
| Topical term or geographic name entry element |
India - History - 1600-1857 |
| 650 ## - SUBJECT ADDED ENTRY--TOPICAL TERM |
| Topical term or geographic name entry element |
Hastings, Warren, 1732-1818 |